| 000 | 00508nam a2200181Ia 4500 | ||
|---|---|---|---|
| 001 | 23819 | ||
| 005 | 20260414151003.0 | ||
| 008 | 260414t2022||||xx |||||||||||||| ||spa|| | ||
| 041 | _aESP | ||
| 082 |
_a711.4 _bG63 |
||
| 100 |
_aGómez Jiménez, María Luisa, _eAUT |
||
| 245 | 0 |
_aCiudades circulares y viviendas saludables : _bégimen jurídico administrativo y proyección social |
|
| 260 | _c2022 | ||
| 300 |
_a287 páginas : _c24 cm. |
||
| 650 | _aGEN | ||
| 654 | _aCHU | ||
| 942 |
_cLIB _dJUS _fJUS _2ddc _n |
||
| 999 |
_c23819 _d23819 |
||